| 000 | 00408nam a2200169Ia 4500 | ||
|---|---|---|---|
| 008 | 230524s9999 xx 000 0 und d | ||
| 020 | _a978813510855 | ||
| 082 |
_a621.382 _bSAH |
||
| 100 | _aK.B.Madhu Sahu | ||
| 245 | 0 | _aBasic Electrical Engineering | |
| 250 | _a4TH | ||
| 260 |
_aCHENNAI _bScitech _c2008 |
||
| 300 | _aXVI;643 | ||
| 500 | _aQuantity Number: 10 | ||
| 650 | _aElectrical | ||
| 942 | _cBK | ||
| 999 |
_c43419 _d43419 |
||